| 000 | 01185cam a22002651 4500 | ||
|---|---|---|---|
| 001 | 30956 | ||
| 003 | BD-RjUL | ||
| 005 | 20211209051636.0 | ||
| 008 | 140412t19651960maua b 001 0 eng d | ||
| 035 | _a(BD-RjUL)31043 | ||
| 035 | _a(OCoLC)272878 | ||
| 040 |
_aDLC _cOWibfU _dOCoLC _dNBrockU _dDLC _dBD-RjUL _beng |
||
| 041 | _aeng | ||
| 082 |
_a100 _bPEC V-1&2 1965 |
||
| 100 | 1 |
_aPeirce, Charles S. _q(Charles Sanders), _d1839-1914. _924020 |
|
| 245 | 1 | 0 |
_aCollected papers of Charles Hartshorne Peirce / _cEdited by Charles Hartshorne and Paul Weiss. _nVolume I : _pPrinciples of Philosophy _pVolume II _pElements of logic |
| 260 |
_aCambridge : _bBelknap Press of Harvard University Press, _c1960 [reprinted 1965.] |
||
| 300 |
_axvi, 535 p. : _bil. ; _c25 cm. |
||
| 504 | _aIncludes Index | ||
| 505 | 0 | _av. 1-2. Principles of philosophy and Elements of logic.--v. 3-4. Exact logic (published papers) and The simplest mathematics.--v. 5-6. Pragmatism and pragmaticism and Scientific metaphysics.--v. 7. Science and philosophy.--v. 8. Reviews, correspondence and bibliography. | |
| 650 | 0 |
_aPhilosophy. _994068 |
|
| 942 |
_2ddc _cBK |
||
| 999 |
_c30956 _d30956 |
||